| 000 | 00372pab a2200145 454500 | ||
|---|---|---|---|
| 008 | 180718b1993 xxu||||| |||| 00| 0 eng d | ||
| 245 | _aSPECIAL issue on social work profession in Asia | ||
| 260 | _c1993 | ||
| 300 | _ap.507-612 | ||
| 362 | _aOct | ||
| 650 | _aSocial service - Asia | ||
| 650 | _aSocial work | ||
| 773 | _aIndian Journal of Social Work | ||
| 909 | _a31591 | ||
| 999 |
_c31591 _d31591 |
||